00326nam a22000977a 4500003000400000082001900004100008200023245004400105260007100149300000800220SGT a891.4309bK18S aसरस्वती, दंडी स्वामी सहजानंद  aकिसान क्या करे  bस्वर्णिम भारत निर्माण c2018 a265